=LDR 00000nam 2200000 4500 =001 INLIS000000000039061 =005 20130612144721 =008 ***********************************ind** =035 ##$$0010-061300000039061 =041 ##$$a ind =082 ##$$a 813 =090 ##$$a 813, Fie g =100 ##$$a FIELDING, Joy =245 ##$$a Grand avanve, Joy feelding;Alih bahasa, Hetih rusli =260 ##$$a 2005 $b Jakarta =300 ##$$a 474 Hlm, 23 cm =650 ##$$a FIKSI =700 ##$$a RUSLI, HETIH =850 ##$$a NBPNMAT =990 ##$$a 0001/BPAP-NTB/2016 =990 ##$$a 01610161 =990 ##$$a 01201900161 =990 ##$$a 0001/BPAP-NTB/2016 =990 ##$$a 21111895 =990 ##$$a 0001/BPAP-NTB/2016